• 首页
  • 本馆介绍
  • 公告通知
  • 最新文献
  • 馆藏检索
  • 电子资源
  • 读者导购
  • 参考咨询
  • 我的图书馆
  • 登录
  • 详细信息显示
  • 放入我的书架
  • 预约/预借图书
  • 作者相关作品
  • 分类相关作品
  • 丛书相关作品
  • 出版社相关作品

书目信息

  • 表格格式
  • 工作单格式
  • 卡片格式
题名:
历史(选修6)——世界文化遗产荟萃
    
 
作者: ;人民教育出版社 , 课程教材研究所 , 历史课程教材研究开发中心 编著
分册:  
出版信息: 北京   人民教育出版社  2005.06
页数: 139页
开本: 24cm
丛书名:
单 册:
中图分类: G116.60
科图分类:
主题词: 文化事业--世界
电子资源:
ISBN: 978-7-107-18570-0
000 00959nam0 2200205 450
001 202410282593004433
005 20241112110159.16
010    @a978-7-107-18570-0@d¥11.90
100    @a20241028d km y0chiy0120 ea
101 0  @achi
200 1  @a历史(选修6)——世界文化遗产荟萃@ALi Shi(Xuan Xiu 6)——Shi Jie Wen Hua Yi Chan Hui Cui@f人民教育出版社,课程教材研究所,历史课程教材研究开发中心编著@FRen Min Jiao Yu Chu Ban She,Ke Cheng Jiao Cai Yan Jiu Suo,Li Shi Ke Cheng Jiao Cai Yan Jiu Kai Fa Zhong Xin Bian Zhu
210    @a北京@c人民教育出版社@d2005.06
215    @a139页@d24cm
606 0  @a文化事业@x世界
690    @aG116.60@v4
711 02 @a人民教育出版社@ARen Min Jiao Yu Chu Ban She@4编著
711 02 @a课程教材研究所@AKe Cheng Jiao Cai Yan Jiu Suo@4编著
711 02 @a历史课程教材研究开发中心@ALi Shi Ke Cheng Jiao Cai Yan Jiu Kai Fa Zhong Xin@4编著
801  0 @aCN@b大连网信软件有限公司图书馆·11@c20241112
905    @aZUCC@b1430408@dG116.60@e6370:6@f1
    
    历史(选修6)——世界文化遗产荟萃/人民教育出版社,课程教材研究所,历史课程教材研究开发中心编著.-北京:人民教育出版社,2005.06
    139页;24cm
    
    
    ISBN 978-7-107-18570-0:¥11.90
    
●
相关链接 在E读中查询图书 在五车中查询图书 在当当中查询图书 在豆瓣中查询图书


正题名:历史(选修6)——世界文化遗产荟萃     索取号:G116.60/6370:6         预约/预借

序号 登录号 条形码 馆藏地/架位号 状态 备注
1 1430408   214304082   密集书库-史法系/ [索取号:G116.60/6370:6] 在馆    
唐山师范学院图书馆 欢迎您!
大连网信软件有限公司© 版权所有